000 00269nam a22001217a 4500
008 181102b xxu||||| |||| 00| 0 eng d
041 _aeng
080 _a575
100 _a9
101 _aIMU
245 _aClinical Allergy & Immunology
_cAltman,L.C
942 _2udc
_cBK
999 _c51590
_d51590